| LEADER 00000nam 2200000uu 4500 |
| 001 212174 |
| 003 ULIBM |
| 008 020711s2560 th a 000 0 tha d |
| 020 9786163582874
|
| 041 ^atha
|
| 050 4 อ QC928.74.T5 ก782อ 2560
|
| 110 0 ^aกระทรวงเกษตรและสหกรณ์. กรมฝนหลวงและการบินเกษตร.
|
| 245 อากาศนาวานุภาพ เรื่องเล่าจากบนฟ้า/^cกรมฝนหลวงและการบินเกษตร กระทรวงเกษตรและสหกรณ์
|
| 250 พิมพ์ครั้งที่ 1
|
| 260 กรุงเทพฯ :^bกรมฝนหลวงและการบินเกษตร กระทรวงเกษตรและสหกรณ์,^c2560
|
| 300 160 หน้า :^bภาพประกอบ ;^c27 ซม.
|
| 650 4 ภูมิพลอดุลยเดช,พระบาทสมเด็จพระปรมินทรมหา,2470-2559
|
| 650 4 ^aโครงการอันเนื่องมาจากพระราชดำริ
|
| 650 4 ^aฝนเทียม^zไทย
|
| 856 ^zอากาศนาวานุภาพ.pdf (สารบัญหนังสือ)^uhttp://110.164.94.213/ULIB62015//_fulltext/5/212174/20180828100425_4432.pdf |
| 999 ^aใช้งานได้ทุกระบบ
|